| 000 | 00596 a2200229 4500 | ||
|---|---|---|---|
| 005 | 20260317090619.0 | ||
| 008 | 260316b |||||||| |||| 00| 0 eng d | ||
| 020 |
_a9789384007607 _cRs. 2195.00 |
||
| 040 | _aMAIN | ||
| 082 |
_a363.72876 _bL138H(2) |
||
| 100 | _aLagrega, Michael D | ||
| 245 | _aHazardous waste management | ||
| 250 | _a2nd | ||
| 260 |
_bMedtech _c2025 _aNew Delhi |
||
| 300 | _axxiv, 1202 | ||
| 650 | _aEnvironment Science | ||
| 650 | _aSolid Waste Management | ||
| 650 | _aPollution | ||
| 700 | _aBuckingham, Phillip L | ||
| 700 | _aEvans, Jeffrey C | ||
| 942 | _cBK | ||
| 999 |
_c395767 _d395767 |
||